[Event "Havana Province zt"]
[Site "Havana"]
[Date "2010.02.23"]
[Round "4"]
[White "Pages Roman, Seidy"]
[Black "Vilahu Perez, Vilmelys"]
[Result "1-0"]
[WhiteElo "1970"]
[BlackElo "1919"]
[PlyCount "107"]
[EventDate "2010.02.20"]
[EventType "swiss"]
[EventRounds "9"]
[EventCountry "CUB"]
[SourceTitle "EXT 2011"]
[Source "ChessBase"]
[SourceDate "2010.11.26"]
[SourceVersion "1"]
[SourceVersionDate "2010.11.26"]
[SourceQuality "1"]

1. d4 d5 2. Nf3 Nf6 3. e3 c6 4. Bd3 Bg4 5. Nbd2 Nbd7 6. h3 Bh5 7. 0-0 e5 8. dxe5 Nxe5 9. Be2 Nxf3+ 10. Nxf3 Bd6 11. b3 Qc7 12. Nd4 Bxe2 13. Qxe2 0-0 14. Bb2 Be5 15. f4 Bxd4 16. Bxd4 Qe7 17. Rad1 Rfe8 18. c4 dxc4 19. Qxc4 Nd5 20. Rde1 Qh4 21. Qe2 Re6 22. Be5 Rae8 23. Qf3 Rg6 24. f5 Rh6 25. Bd4 a6 26. e4 Rd6 27. Bf2 Qd8 28. exd5 Rxd5 29. Rxe8+ Qxe8 30. f6 gxf6 31. Bh4 f5 32. Qg3+ Kf8 33. Bf6 Qe6 34. Bg7+ Ke8 35. Re1 Kd7 36. Rxe6 fxe6 37. Be5 Rd1+ 38. Kh2 Kc8 39. Qg8+ Rd8 40. Qxe6+ Rd7 41. Qg8+ Rd8 42. Qxh7 Rd7 43. Qxf5 b5 44. h4 a5 45. h5 a4 46. h6 axb3 47. h7 bxa2 48. h8Q+ Kb7 49. Qxd7+ Kb6 50. Qb8+ Ka5 51. Qd2+ Ka4 52. Qc2+ Kb4 53. Qc3+ Ka4 54. Qa7# 1-0

[Event "Havana Province zt"]
[Site "Havana"]
[Date "2010.02.21"]
[Round "2"]
[White "Cardevilla Mendoza, Calixto Renel"]
[Black "Vilahu Perez, Vilmelys"]
[Result "1-0"]
[WhiteElo "2092"]
[BlackElo "1919"]
[PlyCount "95"]
[EventDate "2010.02.20"]
[EventType "swiss"]
[EventRounds "9"]
[EventCountry "CUB"]
[SourceTitle "EXT 2011"]
[Source "ChessBase"]
[SourceDate "2010.11.26"]
[SourceVersion "1"]
[SourceVersionDate "2010.11.26"]
[SourceQuality "1"]

1. c4 Nf6 2. Nc3 d5 3. cxd5 Nxd5 4. e4 Nxc3 5. bxc3 g6 6. d4 Bg7 7. Bc4 c5 8. Be3 0-0 9. Ne2 cxd4 10. cxd4 Nc6 11. 0-0 b6 12. Rc1 Na5 13. Bd3 Bb7 14. Qa4 Qd6 15. d5 Rfc8 16. Bd2 e6 17. Bb4 Qd8 18. d6 Nc6 19. Ba3 Be5 20. Rcd1 Bxd6 21. Bb1 Bxh2+ 22. Kxh2 Qh4+ 23. Kg1 Ne5 24. Bd6 Ng4 25. Bg3 Qg5 26. Bf4 Qh5 27. Qa3 Rc4 28. f3 Nf6 29. Qe7 Qc5+ 30. Qxc5 Rxc5 31. Rc1 Rac8 32. Rxc5 Rxc5 33. Rc1 Nd7 34. Kf2 f6 35. Rd1 Bc8 36. Be3 Rc7 37. Nd4 Kf7 38. Nb5 Rc6 39. Nxa7 Rc4 40. Nxc8 Rxc8 41. Rxd7+ Ke8 42. Rxh7 b5 43. Bd3 Rc3 44. Bxb5+ Kd8 45. Bb6+ Kc8 46. Ba6+ Kb8 47. Rh8+ Rc8 48. Rxc8# 1-0